[Event "Avoine op 33rd"]
[Site "Avoine"]
[Date "2018.07.26"]
[Round "6"]
[White "Dupont, Arthur"]
[Black "Maloberti, David"]
[Result "0-1"]
[WhiteElo "1915"]
[BlackElo "2136"]
[PlyCount "134"]
[EventDate "2018.07.21"]
[EventType "swiss"]
[EventRounds "9"]
[EventCountry "FRA"]
[SourceTitle "CBM 185 Extra"]
[Source "ChessBase"]
[SourceDate "2018.07.29"]
[SourceVersion "1"]
[SourceVersionDate "2018.07.29"]
[SourceQuality "1"]

1. Nf3 Nf6 2. g3 g6 3. Bg2 Bg7 4. 0-0 0-0 5. c4 d6 6. d4 Nc6 7. Nc3 e5 8. dxe5 dxe5 9. Qxd8 Rxd8 10. Bg5 Be6 11. Nd5 Bxd5 12. cxd5 Rxd5 13. Nd2 e4 14. Bxf6 Rxd2 15. Bxg7 Kxg7 16. Bxe4 Rxe2 17. Bxc6 bxc6 18. b3 Rd8 19. Rfe1 Rc2 20. Rec1 Rdd2 21. Rxc2 Rxc2 22. a4 c5 23. Rd1 c4 24. b4 Rb2 25. b5 Rb4 26. Rd7 Rxa4 27. Rxc7 Ra5 28. Rxc4 Rxb5 29. Ra4 a5 30. Kg2 Kf6 31. Kf3 Ke6 32. Ke3 Kd5 33. Kd3 Kc6 34. Re4 Rb3+ 35. Kd2 Rb2+ 36. Ke3 Rb7 37. Kd3 Rb3+ 38. Kd2 Rb2+ 39. Ke3 Rb4 40. Re7 Rb7 41. Re5 Kb6 42. Kd3 Rc7 43. Re8 a4 44. Rb8+ Rb7 45. Rh8 h5 46. Kc3 Ra7 47. Rb8+ Kc5 48. Rb2 a3 49. Ra2 Kd5 50. Kd3 g5 51. f3 g4 52. f4 f5 53. Kc3 Ke4 54. Kc4 h4 55. gxh4 Kxf4 56. Kd5 Ra6 57. Rf2+ Ke3 58. Ra2 f4 59. h5 Ra5+ 60. Ke6 Rxh5 61. Rxa3+ Kf2 62. Ra4 Kf3 63. Ra3+ Kg2 64. Ra4 f3 65. Rxg4+ Kxh2 66. Rf4 Kg3 67. Rf7 f2 0-1

[Event "FRA-chT3 1718"]
[Site "France"]
[Date "2018.03.17"]
[Round "8"]
[White "Renard, Stephane"]
[Black "Dupont, Arthur"]
[Result "1-0"]
[WhiteElo "1951"]
[BlackElo "1933"]
[PlyCount "83"]
[EventDate "2017.12.03"]
[EventType "team-tourn"]
[EventRounds "9"]
[EventCountry "FRA"]
[SourceTitle "EXT 2020"]
[Source "ChessBase"]
[SourceDate "2019.10.17"]
[SourceVersion "1"]
[SourceVersionDate "2019.10.17"]
[SourceQuality "1"]

1. f4 d5 2. Nf3 Nf6 3. e3 c5 4. b3 Nc6 5. Bb5 Bd7 6. Bb2 g6 7. Bxc6 Bxc6 8. Bxf6 exf6 9. d4 Bg7 10. Nbd2 0-0 11. Kf2 Qc7 12. g3 Rfe8 13. Re1 Re7 14. a4 Rae8 15. c3 Bd7 16. Rc1 h6 17. dxc5 Qxc5 18. Nd4 Qc8 19. Qc2 Bg4 20. Qd3 a6 21. b4 Bd7 22. a5 Qb8 23. N2b3 Qd6 24. Nc5 Bc6 25. Rc2 f5 26. Nxc6 Qxc6 27. Rd2 b6 28. axb6 a5 29. b7 axb4 30. cxb4 d4 31. Rde2 Qd5 32. e4 fxe4 33. Rxe4 Rxe4 34. Qxe4 Rxe4 35. b8Q+ Kh7 36. Nxe4 d3 37. Qd6 Bd4+ 38. Kf1 Qc4 39. Nd2 Qc3 40. Qd5 Qxd2 41. Qxd4 Qc2 42. Qe4 1-0

[Event "Lille Luce op 6th"]
[Site "Lille"]
[Date "2015.05.07"]
[Round "5"]
[White "Van der Lende, Ilias"]
[Black "Dupont, Arthur"]
[Result "1-0"]
[WhiteElo "2333"]
[BlackElo "1908"]
[PlyCount "47"]
[EventDate "2015.05.04"]
[EventType "swiss"]
[EventRounds "9"]
[EventCountry "FRA"]
[SourceTitle "EXT 2017"]
[Source "ChessBase"]
[SourceDate "2016.10.25"]
[SourceVersion "1"]
[SourceVersionDate "2016.10.25"]
[SourceQuality "1"]

1. e4 g6 2. d4 Bg7 3. Nc3 d6 4. Be3 c6 5. Qd2 b5 6. Bd3 Nd7 7. Nf3 Nb6 8. h3 Qc7 9. 0-0 Nf6 10. Bh6 0-0 11. e5 Nfd5 12. Nxd5 Nxd5 13. Rfe1 a5 14. Re4 dxe5 15. Bxg7 Kxg7 16. Rh4 h5 17. Rxh5 Nf4 18. Rh4 f6 19. Re1 g5 20. Rh7+ Kg8 21. dxe5 Nxd3 22. Qxd3 f5 23. Nxg5 Rd8 24. Qg3 1-0

[Event "Lille Luce op 5th"]
[Site "Lille"]
[Date "2014.05.02"]
[Round "7"]
[White "Dupont, Arthur"]
[Black "Daurelle, Herve"]
[Result "1-0"]
[WhiteElo "1929"]
[BlackElo "2215"]
[PlyCount "73"]
[EventDate "2014.04.28"]
[EventType "swiss"]
[EventRounds "9"]
[EventCountry "FRA"]
[SourceTitle "CBM 160 Extra"]
[Source "ChessBase"]
[SourceDate "2014.07.01"]
[SourceVersion "1"]
[SourceVersionDate "2014.07.01"]
[SourceQuality "1"]

1. d4 Nf6 2. c4 e6 3. Nc3 c5 4. Nf3 cxd4 5. Nxd4 a6 6. g3 Qc7 7. Qd3 Nc6 8. Nxc6 Qxc6 9. e4 b6 10. Bg2 Bb7 11. Bd2 Ng4 12. b3 Bc5 13. 0-0 h5 14. h3 Ne5 15. Qe2 h4 16. g4 Qc7 17. Kh1 Nc6 18. f4 0-0 19. g5 Nd4 20. Qh5 d5 21. cxd5 exd5 22. f5 Nxf5 23. exf5 d4 24. Ne4 Bxe4 25. Bxe4 Qg3 26. Rf3 Qe5 27. Re1 Bd6 28. Bf4 Qa5 29. Ref1 Rae8 30. Bxd6 Rxe4 31. Bxf8 Re1 32. Bxg7 Kxg7 33. f6+ Kg8 34. Qg4 Qd2 35. g6 Re5 36. gxf7+ Kxf7 37. Qd7+ 1-0